000 00450nmm a2200157Ia 4500
008 251105s9999||||xx |||||||||||||||||und||
041 _aspa
100 _aGordon, Lucy
245 0 _aIdilio en Venecia
264 _a[Madrid, España] :
_bHarlequin,
_c[Fecha de publicación no identificada]
300 _a0 páginas
490 _a'Condes de Calvani'
650 _aRomance
856 _uhttps://public.digitaliapublishing.com/a/94066
942 _cCF
999 _c98911
_d98911